00241nam a22000737a 4500008004100000100002400041245009400065300000800159140425t xxu||||| |||| 00| 0 eng d aSyed Imtiaz Haider  aPharmaceutical Master Validation PlanbThe ultimate guide to FDA, GMP, And GLP Compliance a176